00742cam a22002417a 450000100090000000300060000900500170001500800410003201000130007302000150008602000180010103500200011904000440013908200170018310000240020024500600022426000490028430000250033333600260035833700280038450400570041270000310046933104924OCoLC20181113170503.0950823s1994 pau b 000 0 eng  a95195135 a1560437960 a9781560437963 a(OCoLC)33104924 aDLCbengcDLCdOCLCQdBAKERdOCLCQdBSC a133.3bS285H1 aScarborough, Peggy.10aHealing through spiritual warfare /cPeggy Scarborough. aShippensburg, PA :bTreasure House,c©1994. axiii, 190p. ;c21 cm atextbtxt2rdacontent aunmediatedbn2rdamedia aIncludes bibliographical references (pages 183-190). eforeword By Dr. Bill Hamon